|
|
|
|
| LEADER |
00000nam a2200000 a 4500 |
| 001 |
vtls001067263 |
| 003 |
SK-MaSNL |
| 005 |
20260301061917.0 |
| 008 |
250414s1991 xo pol |
| 015 |
|
|
|a SNBA1992/03
|
| 020 |
|
|
|a 8321408354
|
| 035 |
|
|
|a SNK000010093
|
| 035 |
|
|
|a urn:nbn:sk:snk-amloc6
|
| 035 |
|
|
|a urn:nbn:sk:snk-am00c18t
|
| 035 |
|
|
|a AA12FBC2-1D51-45BF-BE66-AB51C4C8DF7C
|
| 035 |
|
|
|a urn:nbn:sk:snk-am00byo4
|
| 035 |
|
|
|a F0D62322-990B-46EE-B38E-C6798F793097
|
| 040 |
|
|
|a SNK
|b slo
|c SNK
|e AACR2
|
| 041 |
0 |
|
|a pol
|
| 044 |
|
|
|a [CS]
|
| 080 |
|
|
|a 803.0(087.5)=84
|2 1981
|
| 100 |
1 |
|
|a Spálený, Eugen
|4 aut
|9 280073
|
| 245 |
1 |
4 |
|a Die Ferien von Klaus, Putzi und Mitzi
|b Iljustrowany podrecznik jezyka niemieskiego dla dzieci
|c Eugen Spálený, Lýdia Zubajová ; Marta Burek, Jarmila pozri Ondrejková-Dicová Dicová-Ondrejková, Jarmila Ondrejková-Dicová, Ľubomír Krátky
|
| 250 |
|
|
|a 1., wyd.
|
| 260 |
|
|
|a Bratislava
|b Mladé letá
|c 1991
|
| 300 |
|
|
|a 144 s.
|b Voľ. príl.
|c 27 cm
|
| 366 |
|
|
|e 50000 výtl.
|
| 500 |
|
|
|a Spoluvyd. Wiedza Powszechna, Warszawa. Vytlačené v Česko-Slovensku. Slovník nem. Ilustr. na tit. liste.
|
| 700 |
1 |
|
|a Zubajová, Lýdia
|4 aut
|9 60577
|
| 700 |
1 |
|
|a Burek, Marta
|4 trl
|9 375658
|
| 700 |
1 |
|
|a Dicová-Ondrejková, Jarmila,
|d 1940-
|4 ill
|9 98160
|
| 700 |
1 |
|
|a Krátky, Ľubomír,
|d 1939-2022
|4 ill
|9 109701
|
| 852 |
|
|
|a Slovenská národná knižnica
|
| 919 |
|
|
|a 83-214-0835-4
|
| 954 |
|
|
|a nemčina
|
| 958 |
|
|
|a OND
|
| 958 |
|
|
|a TL
|
| 999 |
|
|
|c 618752
|d 620682
|
| 952 |
|
|
|t P60, <05>, [BOOK], {605}
|a SNK
|b SNK
|y PREZ
|7 0
|p 17A0119788
|o snkSB 49027 D1
|0 0
|1 0
|4 0
|d 1998-01-23
|l 0
|r 2004-12-31 00:00:00
|w 2026-02-23
|
| 952 |
|
|
|t P60, <04>, [BOOK], {604}
|a SNK
|b SNK
|y VYP
|7 0
|p 17A0119550
|o snkSB 49027/Príl. D1
|0 0
|1 0
|4 0
|d 1998-01-23
|l 0
|r 2004-12-31 00:00:00
|w 2026-02-23
|
| 952 |
|
|
|t P60, <04>, [BOOK], {604}
|a SNK
|b SNK
|y VYP
|7 0
|p 17A0148451
|o snkSB 49027 D2
|0 0
|1 0
|4 0
|d 1998-07-07
|l 0
|r 2004-12-31 00:00:00
|w 2026-02-23
|
| 952 |
|
|
|a SNK
|b SNK
|y PREZ
|7 0
|p 17A0801499
|o snkSB 49027
|i snkKSP 601/92
|0 0
|1 0
|4 0
|d 2012-07-12
|f 1
|l 0
|r 2025-02-28 00:00:00
|w 2026-02-23
|
| 952 |
|
|
|t príl.1 9 listov
|a SNK
|b SNK
|y PREZ
|7 0
|p 17A1051271
|o snkSB 49027/príl.1
|i snkKSP 601/92
|3 príl. 1 9 listov
|0 0
|1 0
|4 0
|d 2012-10-31
|f 1
|l 0
|r 2025-02-28 00:00:00
|w 2026-02-23
|
| 952 |
|
|
|t príl. 2 EP platňa
|a SNK
|b SNK
|y PREZ
|7 0
|p 17A1051272
|o snkSB 49027/príl.2
|i snkKSP 601/92
|3 príl. 2 EP platňa
|0 0
|1 0
|4 0
|d 2012-10-31
|l 0
|r 2025-02-28 00:00:00
|w 2026-02-23
|